Sports par Termes - Statistiques

Statistiques générales
  • Ce quiz a été pris 4 434 fois
  • Le résultat moyen est 13 sur 20
Statistiques - réponses
Hint Explanation Réponse % Correct
Dunk Mouvement où le joueur saute et enfonce le ballon directement dans le panier Basket-ball
92%
Crawl Style de nage où le nageur se déplace vers le bas en alternant les bras et en battant des jambes Natation
92%
Uppercut Coup donné avec un mouvement de balancement vers le haut Boxe
90%
Volant Objet que les joueurs frappent avec leurs raquettes Badminton
89%
Ippon Signifie une technique exécutée parfaitement qui met fin au match Judo
84%
Fleuret L'une des trois armes, caractérisée par sa lame légère et flexible Escrime
81%
Spare / Réserve Indique que toutes les quilles sont tombées après deux lancers Bowling
74%
Schuss Descente rapide en ligne droite Ski alpin
72%
Birdie Score d'un coup en dessous du par Golf
68%
Barreur Membre de l'équipage qui dirige et donne le rythme aux rameurs Aviron
66%
Cheval d'arçons Appareil utilisé où les gymnastes exécutent des mouvements acrobatiques en se soutenant uniquement avec leurs mains Gymnastique
61%
Tiki-taka Style de jeu caractérisé par des passes courtes et rapides, et une forte possession de balle Football
60%
Ruck Phase de jeu après une touche ou une mêlée où les joueurs se regroupent pour contester la possession du ballon au sol Rugby
57%
Roucoulette Tir réalisé en sautant et en lançant le ballon avec une rotation du poignet pour donner un effet Handball
51%
Axel Saut en rotation où le patineur effectue une ou plusieurs rotations en l'air avant de revenir sur la glace Patinage artistique
49%
Poumsé Forme de travail conventionnelle, représentant un combat codifié et dirigé s'exécutant individuellement contre des adversaires imaginaires Taekwondo
47%
Topspin Fait que la balle tourne vers l'avant pendant qu'elle se déplace, influançant sa trajectoire et son rebond Tennis de table
43%
Flamme rouge Panneau placé à un kilomètre de l'arrivée dans une course pour indiquer aux coureurs qu'ils sont proches de la ligne d'arrivée Cyclisme
42%
Barebow Catégorie où l'arc est utilisé sans aucun accessoire de visée ou de stabilisation Tir à l'arc
35%
Oxer Obstacle large, disposé sur deux plans verticaux parallèles Équitation
30%
Aucun quiz correspondant
Distribution des résultats
% des personnes avec chaque résultat
Percentile par nombre de réponses
Votre historique - résultats
Vous n’avez pas pris ce quiz